Quizlendrier de l'Avent #01 - Les rennes du Père Noël - Statistiques

Statistiques générales
  • Ce quiz a été pris 203 fois
  • Le résultat moyen est 4 sur 9
Statistiques - réponses
Rennes % Correct
Rudolph
80%
Eclair
50%
Tonnerre
45%
Tornade
40%
Comète
35%
Cupidon
29%
Danseur
29%
Fringant
24%
Furie
20%
Aucun quiz correspondant
Distribution des résultats
% des personnes avec chaque résultat
Percentile par nombre de réponses
Votre historique - résultats
Vous n’avez pas pris ce quiz